Score 0/24 Timer 02:00
0 Plays Today
Movie Missing Word % Correct
Remember the _____Titans
87.2%
The _____ of EliBook
86.1%
Crimson _____Tide
83%
Much _____ About NothingAdo
80.7%
_____ XMalcolm
76.9%
Courage _____ FireUnder
76.4%
The Manchurian _____Candidate
76.1%
The Preacher's _____Wife
75.9%
The Pelican _____Brief
75.8%
_____ GangsterAmerican
73.4%
The _____ of Pelham 1 2 3Taking
72.6%
The _____ CollectorBone
69.6%
Movie Missing Word % Correct
Man on _____Fire
69.6%
The _____ DebatersGreat
67.6%
_____ VuDeja
66.1%
He Got _____Game
66.1%
_____ in A Blue DressDevil
55.2%
_____ DayTraining
51.6%
Antwone _____Fisher
51.5%
Mo' Better _____Blues
28.5%
_____ of TimeOut
22.1%
The _____ QuinnMighty
20%
_____ FreedomCry
19.7%
_____ ManInside
12.6%

Today's Daily Dose

Remove Ads.
Support Sporcle.
Get the best of Sporcle when you Go Orange. This ad-free experience offers more features, more stats, and more fun while also helping to support Sporcle. Thank you for becoming a member.

You're not logged in!

Compare scores with friends on all Sporcle quizzes.
OR
Log In

Show Comments

Extras

Top Quizzes Today


Score Distribution

Your Account Isn't Verified!

In order to create a playlist on Sporcle, you need to verify the email address you used during registration. Go to your Sporcle Settings to finish the process.

Report this User

Report this user for behavior that violates our Community Guidelines.

Details: